000
00328pab a2200145 454500
008
180718b1986 xxu||||| |||| 00| 0 eng d
100
_a
Ashish, Madhava
245
_a
Politics and rural management
260
_c
1986
300
_a
40-6
362
_a
Jan.
650
_a
Rural Development
773
_a
Seminar
909
_a
17312
999
_c
17312
_d
17312